Statystyki dla Państwa bez rzek

Kliknij tutaj aby rozwiązać quiz!

Ogólne statystyki

  • Ten quiz został rozwiązany 90 razy
  • Średni wynik to 10 z 19

Statystyki odpowiedzi

Kraj% Poprawnych
Watykan
80%
Monako
69%
Jemen
68%
Katar
67%
Oman
67%
Arabia Saudyjska
65%
Zjednoczone Emiraty
Arabskie
64%
Kuwejt
63%
Bahrajn
60%
Nauru
55%
Malta
51%
Tuvalu
49%
Wyspy Marshalla
46%
Kiribati
44%
Tonga
42%
Komory
38%
Malediwy
37%
Libia
36%
Bahamy
35%

Rozkład punktacji

Percentyl według liczby udzielonych odpowiedzi

Procent ludzi z każdym wynikiem

Twoja historia wyników

Nie rozwiązałeś tego quizu